| 000 | 00648nam a22002057a 4500 | ||
|---|---|---|---|
| 999 |
_c11533 _d11533 |
||
| 003 | AR-CdUCM | ||
| 008 | 190404b ||||| |||| 00| 0 spa d | ||
| 040 |
_aMUNICIPALIDAD PROVINCIAL DEL CUSCO _cBIBLIOTECA MUNICIPAL DEL CUSCO |
||
| 082 |
_aEP / 808.83 / _bN56 |
||
| 100 |
_aNieto Degregori, Luis _96534 |
||
| 245 | _aLa ciudad sumergida / | ||
| 260 |
_aLima : _bAsociación pukllasunchis, _c1992. |
||
| 300 |
_a17 paginas ; _bilustraciones, graficos, dibujos, _c20 cm. |
||
| 500 | _aCuentos infantiles | ||
| 650 |
_aCuentos _9217 |
||
| 650 |
_aTextos educativos _910256 |
||
| 650 |
_aInfantiles _917400 |
||
| 942 |
_2ddc _cLIBROS |
||
| 945 | _apjha | ||